Movies Quiz

Random Movies Quiz

Creepy Crawlies at the Movies - Fill in the Blank Quiz Stats

 Plays Quiz not verified by Sporcle

Support Sporcle.
Go Orange.
Score 0/20 Timer 04:00
0 Plays Today
% Correct
Ant
97.7%
Bug
96.9%
Beetle
96.2%
Lice
93.1%
Spider
92.4%
Fly
90.1%
Butterfly
89.3%
Hornet
88.5%
Scorpion
87%
Moth
84%
% Correct
Wasp
77.9%
Centipede
68.7%
Mosquito
67.9%
Nightcrawler
59.5%
Fireflies
52.7%
Ladybug
39.7%
Locust
30.5%
Daddy Long Legs
13.7%
Black Widow
13.7%
Dragonfly
10.7%

You're not logged in!

Compare scores with friends on all Sporcle quizzes.
OR
Log In

From the Vault

'Take' Song Titles

by JoeBeta

Take your time.
Remove Ads.
Support Sporcle.
Get the best of Sporcle when you Go Orange. This ad-free experience offers more features, more stats, and more fun while also helping to support Sporcle. Thank you for becoming a member.

Show Comments

Extras

Created Jul 11, 2019ReportNominate
Tags:blank

Top Quizzes Today


Score Distribution

Your Account Isn't Verified!

In order to create a playlist on Sporcle, you need to verify the email address you used during registration. Go to your Sporcle Settings to finish the process.

Report this User

Report this user for behavior that violates our Community Guidelines.

Details: